| 000 | 00503nam a2200169Ia 4500 | ||
|---|---|---|---|
| 008 | 140626s9999 xx 000 0 und d | ||
| 100 | _aDong, Xiao. | ||
| 245 |
_aControl of a virtual vehicle influences postural activity and motion sickness / _cXiao Dong ... [et al.]. |
||
| 260 | _cc2011. | ||
| 300 | _a17 : 2, page 128 | ||
| 440 | _aJournal of Experimental Psycholgy : Applied | ||
| 521 | _aPSYCH | ||
| 650 | _aMotion sickness. | ||
| 650 | _aPosture. | ||
| 650 | _aVideo games. | ||
| 942 | _cSE | ||
| 999 |
_c121311 _d121311 |
||